000 00693nam a22002177a 4500
003 0
005 20241118143822.0
008 241118b xxu||||| |||| 00| 0 eng d
020 _a9781032582351
050 _aHA 32
_b.C76 2024
100 _aCronk, Brian C.,
_eauthor.
245 _aHow to use SPSS :
_ba step-by-step guide to analysis and interpretation /
_cBrian C. Cronk.
250 _a12th ed.
260 _aNew York, NY :
_bRoutledge,
_cc2024.
300 _aviii, 244 p. :
_bcol. ill. ;
_c28 cm.
504 _aIncludes index.
650 _aSPSS (computer file).
650 _aSPSS for windows.
650 _aSocial sciences
_vStatistical methods
_xComputer programs.
942 _2lcc
_cBK
999 _c366754
_d366754